| 000 | 00856nam a2200205 i 4500 | ||
|---|---|---|---|
| 001 | 131608 | ||
| 003 | ES-MaACL | ||
| 005 | 20230906194019.0 | ||
| 007 | t| | ||
| 008 | 070214q1908 sp 00010 spa d | ||
| 100 | 1 |
_aRodríguez González, José. _998561 |
|
| 245 | 1 | 0 |
_aConsideraciones generales sobre el salicilato de sosa y teobromina desde el punto de vista farmacéutico _b: memoria presentada para aspirar al grado de doctor en farmacia / _cpor José Rodríguez González. |
| 260 |
_aMadrid : _b[s. n.], _c[1908?] ( _fImp. Viuda y Sobrino de J. Corrales) |
||
| 300 |
_a20 p. ; _c22 cm. |
||
| 502 | _aTesis-Universidad Central (Madrid), Facultad de Farmacia, 1908. | ||
| 650 | 4 |
_aSalicilatos. _9170981 |
|
| 650 | 4 |
_aAlcaloides. _9135546 |
|
| 710 | 2 |
_aUniversidad Central (Madrid). _bFacultad de Farmacia. _97091 |
|
| 852 |
_aES-MaACL _jT-1227-F-15 |
||
| 999 |
_c131608 _d131608 |
||